00679nam a2200181Ia 4500008004100000020001500041040001800056041000800074110003900082245011200121260005000233300001800283650005900301650002700360650003100387651003600418710004300454130821s1992 be gr spa  a9282409554 aCo-BoUCMbspa aspa2 aConsejo de la Comunidades Europeas10aTratado de la Unión EuropeacConsejo de las Comunidades Europeas, Comisión de las Comunidades Europeas. aBruselas (Bélgica)bCECA - CEE - CEEAc1992 a253 páginas04aCooperación internacionalzUnión EuropeavTratados04aDerecho constitucional04aRelaciones internacionales 4aUnión EuropeaxConstitución2 aComisión de Las Comunidades Europeas